Ekonomické kritériá členstva v Európskej únii

Snaha slovenskej vlády riešiť makroekonomickú nerovnováhu. Prístupnosť slovenského trhu investíciám. Charakteristika slovenského bankového a finančného sektora. Predpoklady SR na splnenie kritéria požadujúceho schopnosť zvládnuť konkurenčný tlak a trhové sily v Európskej únii.

Gespeichert in:
Bibliographische Detailangaben
Format: Buchkapitel
Sprache:Slowakisch
Schlagworte:
Tags: Tag hinzufügen
Keine Tags, Fügen Sie das erste Tag hinzu!

MARC

LEADER 00000naa a2200000 4500
001 r037119
005 20230824102244.5
041 0 |a slo 
044 |a SK 
245 1 0 |a Ekonomické kritériá členstva v Európskej únii 
520 |a Snaha slovenskej vlády riešiť makroekonomickú nerovnováhu. Prístupnosť slovenského trhu investíciám. Charakteristika slovenského bankového a finančného sektora. Predpoklady SR na splnenie kritéria požadujúceho schopnosť zvládnuť konkurenčný tlak a trhové sily v Európskej únii. 
610 2 0 |a situácia hospodárska 
610 2 0 |a vývoj hospodársky 
610 2 0 |a Slovensko 
610 2 0 |a Európska únia 
610 2 0 |a nerovnováha hospodárska 
610 2 0 |a investície zahraničné 
610 2 0 |a bankovníctvo 
610 2 0 |a financie 
610 2 0 |a konkurencieschopnosť 
610 2 0 |a trh kapitálový 
610 2 0 |a reštrukturalizácia 
610 2 0 |a 1999